Značenije i upotreblenije form prošedšego vremeni v sovremennom slovackom literaturnom jazyke avtoreferat dissertacii, na soiskanije učenoj stepeni kandidata filologičeskich nauk

Podrobná bibliografia
Hlavný autor: Smirnov, Lev Nikandrovič, 1928-2001 (Autor)
Médium: Kniha
Jazyk:ruština
Fyzický popis:21 s. 22 cm
Vydavateľské údaje: Moskva Izdatel'stvo Akademii nauk SSSR 1962
Predmet:

MARC

LEADER 00000nam a2200000 a 4500
001 vtls001301910
003 SK-MaSNL
005 20260301195904.0
008 251124s1962 RU a r y 0 rus
015 |a SNBZS1997-00459 
035 |a SNK000253940 
040 |a SNK  |b slo  |c SNK  |e AACR2 
041 0 |a rus 
044 |a RU 
080 |a 808.54-085.3:801-25(048.83)=82  |2 1981 
080 |a 808.54-25(048.83)=82  |2 1981 
100 1 |a Smirnov, Lev Nikandrovič,  |d 1928-2001  |4 aut  |9 20659 
245 1 |a Značenije i upotreblenije form prošedšego vremeni v sovremennom slovackom literaturnom jazyke  |b avtoreferat dissertacii, na soiskanije učenoj stepeni kandidata filologičeskich nauk  |c L.N. Smirnov 
260 |a Moskva  |b Izdatel'stvo Akademii nauk SSSR  |c 1962 
300 |a 21 s.  |c 22 cm 
500 |a 200 výt. 
504 |a Bibliogr. 
650 0 7 |a slovenčina  |2 SNK  |9 1350 
655 7 |a príručky  |2 SNK  |9 74364 
958 |a ZS 
958 |a TL 
958 |a NB 
999 |c 888008  |d 889938 
952 |t P60, <03>, [BOOK], {603}  |a SNK  |b SNK  |y PREZ  |7 0  |p 17A0092949  |o snkOSC 19257  |i snkV 2316/97  |0 0  |1 0  |4 0  |d 1997-09-10  |l 0  |r 2005-01-02 00:00:00  |w 2026-02-24